[Event "FSIMA October"]
[Site "Budapest HUN"]
[Date "2000.10.13"]
[Round "7"]
[White "Bree,T"]
[Black "Nyysti,S"]
[Result "1/2-1/2"]
[WhiteElo "2252"]
[BlackElo "2305"]

1.d4 Nf6 2.Bg5 Ne4 3.Bf4 c5 4.f3 Qa5+ 5.c3 Nf6 6.Nd2 cxd4 7.Nb3 Qb6 8.Qxd4 Nc6
9.Qxb6 axb6 10.Be3 b5 11.Nd4 Nxd4 12.Bxd4 d6 13.e4 Bd7 14.a3 Bc6 15.Bxf6 gxf6
16.Ne2 Rg8 17.Nd4 Kd8 18.Kf2 Rg5 19.Be2 Kc7 20.Rhe1 Kb6 21.f4 Rg8 22.Bh5 Be8
23.Rad1 Rc8 24.Rd3 e6 25.f5 Rg7 26.Bd1 Bd7 27.Rf3 e5 28.Nb3 d5 29.exd5 Bc5+
30.Kf1 Rcg8 31.g3 h5 32.Nd2 Rg5 33.Bc2 h4 34.Kg2 e4 35.Bxe4 Re8 36.b4 Bf8
37.Kf2 Bh6 38.c4 hxg3+ 39.hxg3 Rg4 40.c5+ Kc7 41.Ree3 Re5 42.Ke2 Bxe3 43.Rxe3 Bxf5
44.Bxf5 Rxf5 45.Re7+ Kc8 46.Rxf7 Rxd5 47.Rxf6 Rxg3 48.Ne4 Re5 49.Kf2 Rxa3
50.Nd6+ Kd7 51.Nxb5 Ra4 52.Rd6+ Ke7 53.Rb6 Rxb4 54.Rxb7+ Kf6 55.Rb6+ Kg5
56.Nd6 Rf4+ 57.Kg3 Rxc5 58.Rb5 Rxb5 59.Nxb5 Rb4 60.Nd6 Rf4 61.Nb5 Rb4 62.Nd6 Rd4
63.Nf7+ Kf6 64.Nh6 Rd3+ 65.Kf4 Rd4+ 66.Kf3  1/2-1/2

[Event "FSIMB October"]
[Site "Budapest HUN"]
[Date "2000.10.14"]
[Round "8"]
[White "Dudas,Jano"]
[Black "Rajlich,V"]
[Result "1-0"]
[WhiteElo "2338"]
[BlackElo "2209"]

1.d4 Nf6 2.Bg5 Ne4 3.Bf4 c5 4.c3 Qb6 5.Nd2 Nxd2 6.Qxd2 cxd4 7.cxd4 e5 8.Qe3 Kd8
9.Bxe5 f6 10.Bxb8 Qxb2 11.Bc7+ Kxc7 12.Qc1+ Qxc1+ 13.Rxc1+ Kd8 14.e3 Bb4+
15.Kd1 d6 16.Bc4 Bd7 17.Ne2 Rc8 18.Nf4 Ba4+ 19.Bb3 Bxb3+ 20.axb3 Rxc1+ 21.Kxc1 Kd7
22.Kb2 a6 23.Ra1 Kc6 24.Nd3 Kb5 25.Nxb4 Kxb4 26.Rc1 d5 27.Rc7 b5 28.Rxg7 Rc8
29.Ra7 a5 30.g4 Rc3 31.Rxa5 Rxb3+ 32.Kc2 Rc3+ 33.Kd2 Ra3 34.Rxa3 Kxa3 35.e4 b4
36.exd5 b3 37.d6 b2 38.d7 b1=Q 39.d8=Q Qb2+ 40.Ke3 Qc1+ 41.Ke4 Qb1+ 42.Kd5 Qa2+
43.Kc5 Qc2+ 44.Kd5 Qa2+ 45.Kc6 Qc2+ 46.Kb7 Qxf2 47.Qd6+ Ka2 48.d5 Qg2 49.Qe6 Kb1
50.Kc8 Qxh2 51.d6 Qc2+ 52.Kd8 Qb2 53.d7 Qb4 54.Ke8 Qa4 55.Qd5 h6 56.Kf7 Qa7
57.Kg6  1-0

[Event "Bundesliga 2000-1"]
[Site "Solingen GER"]
[Date "2000.10.14"]
[Round "1"]
[White "Knaak,R"]
[Black "Meessen,R"]
[Result "1-0"]
[WhiteElo "2513"]
[BlackElo "2306"]

1.d4 Nf6 2.Bg5 Ne4 3.Bf4 c5 4.f3 Qa5+ 5.c3 Nf6 6.d5 Qb6 7.Bc1 e6 8.c4 exd5
9.cxd5 c4 10.e3 Bc5 11.Kf2 O-O 12.Nc3 Re8 13.Qe2 Na6 14.Na4 Qd6 15.Nxc5 Nxc5
16.Qxc4 b5 17.Qd4 Bb7 18.b4 Nce4+ 19.Ke1 Rac8 20.Bb2 Ng3 21.hxg3 Qxg3+ 22.Kd2 Qf2+
23.Ne2 Bxd5 24.e4 Qxd4+ 25.Bxd4 Bc4 26.Bxf6 gxf6 27.Nc3 f5 28.exf5 d5 29.Nxb5 Re5
30.Nd4 Bxf1 31.Rhxf1 Rc4 32.Kd3  1-0

[Event "chT-SLO"]
[Site "Bled SLO"]
[Date "2000.10.17"]
[Round "4"]
[White "Brumen,D"]
[Black "Ankerst,Mih"]
[Result "1-0"]
[WhiteElo "2430"]
[BlackElo "2357"]

1.d4 Nf6 2.Bg5 Ne4 3.Bf4 c5 4.f3 Qa5+ 5.c3 Nf6 6.Nd2 cxd4 7.Nb3 Qd8 8.cxd4 e6
9.e4 Bb4+ 10.Bd2 Be7 11.Bd3 Nc6 12.Ne2 Qb6 13.O-O O-O 14.Kh1 d6 15.Be3 Nb4
16.Bb1 Bd7 17.Qd2 d5 18.Bg5 dxe4 19.fxe4 Bb5 20.Rf2 Bxe2 21.Qxe2 e5 22.Be3 Qe6
23.h3 Rfc8 24.dxe5 Qxe5 25.Bf4 Qh5 26.a3 Na6 27.Ba2 Qxe2 28.Rxe2 Nh5 29.Bh2 g6
30.Rf1 Bh4 31.Rf3 Ng7 32.g3 Be7 33.Nd4 Rf8 34.Bd5 Rad8 35.g4 Bd6 36.Nb5 Bxh2
37.Kxh2 Ne6 38.Ref2 Nac5 39.Nxa7 Ng5 40.Re3 Rfe8 41.Rfe2 Nf3+ 42.Rxf3 Rxd5
43.Rfe3 Rde5 44.Nb5 Rxe4 45.Rxe4 Nxe4 46.Nc3 Nf6 47.Rxe8+ Nxe8 48.b4 Kg7
49.Kg3 g5 50.Ne4 Kg6 51.a4 f5 52.gxf5+ Kxf5 53.Nc5 Nd6 54.a5 h5 55.Nxb7 Nb5
56.a6 Ke5 57.Nc5 Kd5 58.Nd7 Kc6 59.Nf6 Kb6 60.Nxh5 Kxa6 61.Kg4 Nd4 62.Kxg5 Kb5
63.Kf4 Kxb4 64.Ng7 Kc5 65.Ke4 Ne2 66.Nf5 Ng1 67.h4 Kc6 68.h5 Nh3 69.Ke5 Kd7
70.h6 Ng5 71.Kf6 Nh7+ 72.Kg6 Nf8+ 73.Kf7 Nh7 74.Ng3 Kd6 75.Ne4+ Ke5 76.Kg7  1-0

[Event "1st It A"]
[Site "Salou ESP"]
[Date "2000.10.21"]
[Round "5"]
[White "Kogan,A"]
[Black "Miladinovic,I"]
[Result "1/2-1/2"]
[WhiteElo "2504"]
[BlackElo "2563"]

1.d4 Nf6 2.Bg5 Ne4 3.Bf4 c5 4.dxc5 Nc6 5.Qd5 f5 6.e3 e6 7.Qd1 Bxc5 8.Nd2 O-O
9.Ngf3 d5 10.Be2 Qe7 11.Ne5 Bd6 12.Nxc6 bxc6 13.Bxd6 Nxd6 14.O-O  1/2-1/2

[Event "1st It A"]
[Site "Salou ESP"]
[Date "2000.10.23"]
[Round "7"]
[White "Miladinovic,I"]
[Black "Ivanov,J"]
[Result "1-0"]
[WhiteElo "2563"]
[BlackElo "2461"]

1.d4 Nf6 2.Bg5 Ne4 3.Bf4 c5 4.f3 Qa5+ 5.c3 Nf6 6.Nd2 cxd4 7.Nb3 Qb6 8.Qxd4 Nc6
9.Qxb6 axb6 10.Be3 b5 11.Bd2 e5 12.e4 b4 13.Bb5 bxc3 14.Bxc3 Bb4 15.Ne2 Ke7
16.Rc1 Rxa2 17.Bxc6 Bxc3+ 18.Nxc3 Rxb2 19.Bd5 Rxg2 20.Bc4 b5 21.Bxb5 Bb7
22.Nc5 Ba8 23.Bf1 Rb2 24.Nd3  1-0

[Event "11th ch-NATO"]
[Site "Leopoldsburg BEL"]
[Date "2000.10.26"]
[Round "5"]
[White "Nielsen,He"]
[Black "Dreesen,J"]
[Result "0-1"]
[WhiteElo "2024"]
[BlackElo "2119"]

1.d4 Nf6 2.Bg5 Ne4 3.Bf4 c5 4.f3 Nf6 5.c3 d5 6.e3 Nc6 7.Bd3 e6 8.Nh3 Bd6
9.O-O O-O 10.Nd2 e5 11.dxe5 Bxe5 12.Bxe5 Nxe5 13.Nf2 c4 14.Bc2 Qb6 15.Rb1 Qxe3
16.Re1 Qg5 17.Nf1 Nc6 18.Re3 Be6 19.Qc1 Rfe8 20.Qd2 Red8 21.Rbe1 d4 22.cxd4 Rxd4
23.Qc1 Qa5 24.Bb1 Rdd8 25.a3 Rac8 26.Ne4 Nd5 27.R3e2 Nd4 28.Rf2 Nb3 29.Qc2 Qxe1
30.Nd6 Rxd6 31.Qxh7+ Kf8 32.Qh8+ Ke7 33.Qh4+ Nf6 34.Rc2 Qxh4  0-1

[Event "34th Olympiad"]
[Site "Istanbul TUR"]
[Date "2000.10.28"]
[Round "1"]
[White "Rowe,P"]
[Black "Zulfugaryi,M"]
[Result "0-1"]
[WhiteElo "2092"]
[BlackElo "2510"]

1.d4 Nf6 2.Bg5 Ne4 3.h4 d5 4.e3 c5 5.dxc5 f6 6.Bf4 e5 7.Bh2 Bxc5 8.Bd3 Qb6
9.Nc3 Be6 10.Nge2 Nxc3 11.bxc3 O-O 12.Rb1 Qc6 13.Bb5 Qc8 14.O-O a6 15.Ba4 Nc6
16.Qd2 Rd8 17.Rfd1 Na5 18.Qe1 Bf7 19.Bb3 Qg4 20.Bg3 Rac8 21.Rd2 b5 22.Rbd1 Nc4
23.Bxc4 Qxc4 24.Rb1 a5 25.Qc1 Bh5 26.Qe1 Ra8 27.Rd3 Bg6 28.Rd2 b4 29.Rb3 a4
30.Rxb4 Bxb4 31.cxb4 Qxb4 32.Qd1 Qc4  0-1

[Event "34th Olympiad"]
[Site "Istanbul TUR"]
[Date "2000.10.28"]
[Round "1"]
[White "Elliott,W"]
[Black "Dominguez,L"]
[Result "0-1"]
[WhiteElo "2196"]
[BlackElo "2534"]

1.d4 Nf6 2.Bg5 Ne4 3.Bf4 c5 4.f3 Qa5+ 5.c3 Nf6 6.Nd2 cxd4 7.Nb3 Qd8 8.Bxb8 Rxb8
9.Qxd4 a6 10.e4 d6 11.Rd1 Qc7 12.Qa7 Bd7 13.Bxa6 Qc8 14.Bf1 Ra8 15.Qb6 Rxa2
16.Na5 Qd8 17.Qxd8+ Kxd8 18.b4 Kc7 19.Ne2 g6 20.Nd4 b6 21.Nc4 e5 22.Ne2 Be6
23.Ne3 Bh6 24.Nd5+ Nxd5 25.exd5 Bf5 26.f4 exf4 27.h3 Re8 28.Rd4 Re4 29.Rxe4 Bxe4
30.c4 f3 31.gxf3 Bxf3 32.Rh2 Be3 33.Kd1 Ra1+ 34.Kc2 Rxf1  0-1

[Event "Chigorin Mem"]
[Site "St Petersburg RUS"]
[Date "2000.10.31"]
[Round "1"]
[White "Eliseev,A"]
[Black "Davidov,S"]
[Result "1-0"]
[WhiteElo "2386"]
[BlackElo "2181"]

1.d4 Nf6 2.Bg5 Ne4 3.Bh4 d5 4.f3 Nd6 5.Nc3 Nc4 6.e4 Ne3 7.Qd3 Nxf1 8.exd5 g6
9.Kxf1 Bg7 10.Re1 f6 11.Bg3 c6 12.d6 e6 13.h4 b6 14.Nge2 O-O 15.Kg1 Re8 16.Ne4 f5
17.Nd2 Bf8 18.Qe3 Na6 19.c3 b5 20.Nc1 Bxd6 21.Bxd6 Qxd6 22.h5 Qf8 23.hxg6 hxg6
24.Qg5 Qg7 25.Rh6 Kf7 26.Nd3 Rf8 27.Rxg6 Rg8 28.Rxg7+ Rxg7 29.Ne5+ Kg8 30.Qd8+ Kh7
31.Kf2  1-0

[Event "34th Olympiad"]
[Site "Istanbul TUR"]
[Date "2000.11.01"]
[Round "5"]
[White "Hodgson,Ju"]
[Black "Ilincic,Z"]
[Result "1-0"]
[WhiteElo "2640"]
[BlackElo "2563"]

1.d4 Nf6 2.Bg5 Ne4 3.Bf4 c5 4.f3 Qa5+ 5.c3 Nf6 6.d5 e6 7.e4 exd5 8.e5 Ng8
9.Qxd5 Ne7 10.Qe4 Ng6 11.Bg3 Qb6 12.b3 Qc6 13.Nd2 Qxe4+ 14.Nxe4 Nc6 15.f4 h5
16.Nf3 h4 17.f5 hxg3 18.fxg6 fxg6 19.O-O-O gxh2 20.Nd6+ Bxd6 21.exd6 Nd8
22.Bd3 b6 23.Bxg6+ Kf8 24.Nxh2 Kg8 25.Ng4 Rxh1 26.Rxh1 Nb7 27.Rd1 Nd8 28.Ne5 Bb7
29.Rh1 Bxg2 30.Rh2 Bd5 31.Bh7+ Kf8 32.Rf2+ Nf7 33.Nxf7 Bxb3 34.axb3  1-0

[Event "4th OIBM"]
[Site "Bad Wiessee GER"]
[Date "2000.11.02"]
[Round "6"]
[White "Schmidt,Bo"]
[Black "Nenashev,A"]
[Result "0-1"]
[WhiteElo "2368"]
[BlackElo "2642"]

1.d4 Nf6 2.Bg5 Ne4 3.Bf4 c5 4.f3 Nf6 5.d5 Qb6 6.Bc1 e6 7.c4 Bd6 8.Nc3 O-O
9.e4 Re8 10.Kf2 Be5 11.g3 exd5 12.exd5 d6 13.Kg2 a6 14.Bd3 Bxc3 15.bxc3 Qa5
16.Ne2 b5 17.Bf4 Nbd7 18.Re1 bxc4 19.Bxc4 Nb6 20.Qd3 Bb7 21.Bxd6 Nxc4 22.Qxc4 Nxd5
23.Qxc5 Ne3+ 24.Kf2 Qxc5 25.Bxc5 Nc2 26.Rec1 Nxa1 27.Rxa1 Bd5 28.a4 Rab8
29.Ba3 Rb3 30.Nd4 Rxc3 31.Bb2 Rd3  0-1

[Event "Chigorin Mem"]
[Site "St Petersburg RUS"]
[Date "2000.11.02"]
[Round "3"]
[White "Chepukaitis,G"]
[Black "Krassilnikov,E"]
[Result "1/2-1/2"]
[WhiteElo "2424"]
[BlackElo "2262"]

1.d4 Nf6 2.Bg5 Ne4 3.Bh4 c5 4.f3 Nd6 5.dxc5 Qa5+ 6.Qd2 Qxc5 7.e4 Nc6 8.Nc3 e6
9.O-O-O Nc4 10.Bxc4 Qxc4 11.Nge2 Bc5 12.Kb1 O-O 13.Bg3 b5 14.b3 Qb4 15.Bd6 Bxd6
16.Qxd6 Qa5 17.Qc5 Ba6 18.a3 Rac8 19.Rxd7 Nb8 20.Qxa7 Nxd7 21.Qxd7 Rxc3 22.Nxc3 Qxc3
23.Rd1 h6 24.Qe7 Qa5 25.Qb4 Qc7 26.Qd6 Qa5 27.Qb4 Qc7 28.Qd6 Qa5  1/2-1/2

[Event "34th Olympiad"]
[Site "Istanbul TUR"]
[Date "2000.11.04"]
[Round "7"]
[White "Torre,E"]
[Black "Ye Jiangchuan"]
[Result "1/2-1/2"]
[WhiteElo "2552"]
[BlackElo "2670"]

1.d4 Nf6 2.Bg5 Ne4 3.Bh4 c5 4.f3 g5 5.fxe4 gxh4 6.Nc3 cxd4 7.Qxd4 Rg8 8.e5 Nc6
9.Qe4 Qa5 10.Nf3 Qb4 11.Qxb4 Nxb4 12.O-O-O Nc6 13.Nb5 Kd8 14.Nbd4 Kc7 15.e3 Bg7
16.Nxc6 dxc6 17.Rd4 Bh6 18.Kd2 Rg4 19.Rxg4 Bxg4 20.h3 Be6 21.Bd3 Rg8 22.Rg1 Rg3
23.Ke2 Bd5 24.e4 Be6 25.Kf2 Bf4 26.Nxh4 Bxe5 27.Nf3 Bf4 28.Nd4 Rg6  1/2-1/2

[Event "Chigorin Mem"]
[Site "St Petersburg RUS"]
[Date "2000.11.05"]
[Round "5"]
[White "Dobrov,V"]
[Black "Kuznetsov,Vi2"]
[Result "1-0"]
[WhiteElo "2339"]
[BlackElo "2118"]

1.d4 Nf6 2.Bg5 Ne4 3.Bh4 g5 4.f3 gxh4 5.fxe4 c5 6.e3 Nc6 7.c3 cxd4 8.exd4 d6
9.Bc4 e6 10.Nf3 Be7 11.Nbd2 Bd7 12.Qe2 Qc7 13.Qf2 h3 14.gxh3 a6 15.h4 O-O-O
16.O-O-O Rdf8 17.Kb1 Kb8 18.Rhg1 h6 19.h5 Qa5 20.Be2 f5 21.e5 d5 22.Nh4 Be8
23.Ng6 Bxg6 24.Rxg6 Nd8 25.h4 Qc7 26.Qf4 Rf7 27.c4 Qd7 28.cxd5 Qxd5 29.Bf3 Qb5
30.d5 Bc5 31.Nb3 Rc7 32.dxe6 Be7 33.Nd4 Qb4 34.Rxh6 Rxh6 35.Qxh6 Bxh4 36.Nxf5 Be7
37.Nxe7 Qxe7 38.Rd6 Kc8 39.a3 Kb8 40.Ka2 Kc8 41.Qf6  1-0

[Event "34th Olympiad"]
[Site "Istanbul TUR"]
[Date "2000.11.07"]
[Round "10"]
[White "Miladinovic,I"]
[Black "Ftacnik,L"]
[Result "1/2-1/2"]
[WhiteElo "2563"]
[BlackElo "2608"]

1.d4 Nf6 2.Bg5 Ne4 3.Bf4 c5 4.f3 Qa5+ 5.c3 Nf6 6.Nd2 cxd4 7.Nb3 Qb6 8.Qxd4 Nc6
9.Qxb6 axb6 10.Be3 b5 11.Nd4 Nd5 12.Bf2 Nc7 13.Bg3 d6 14.e4 Nxd4 15.cxd4 g6
16.Bd3 Bg7 17.Ne2 Bd7 18.Bf2 Na6 19.Kd2 Nb4 20.Rhc1 f5 21.Be3 Rf8 22.Bb1 fxe4
23.fxe4 Kd8 24.Nc3 e6 25.h3 Rf7 26.a3 Ke7 27.Bd3 Nxd3  1/2-1/2

[Event "34th Olympiad"]
[Site "Istanbul TUR"]
[Date "2000.11.07"]
[Round "10"]
[White "Ker,A"]
[Black "Bagirov,R"]
[Result "0-1"]
[WhiteElo "2348"]
[BlackElo "2471"]

1.d4 Nf6 2.Bg5 Ne4 3.Bh4 c5 4.f3 g5 5.fxe4 gxh4 6.Nc3 Nc6 7.e3 Bg7 8.Nf3 Qb6
9.Nd5 Qa5+ 10.Qd2 Qxd2+ 11.Kxd2 Rb8 12.e5 e6 13.Nf6+ Ke7 14.Ne4 cxd4 15.exd4 Bh6+
16.Kc3 b6 17.Nxh4 Bb7 18.Nd6 Rhc8 19.Nxc8+ Rxc8 20.b3 Bg5 21.Nf3 Nxe5+ 22.Kb2 Nxf3
23.gxf3 Bd2 24.c4 Bxf3 25.Bd3 Bxh1 26.Rxh1 h6 27.Rg1 Be3 28.Rg4 Bg5 29.Kc3 f5
30.Rg2 Kf6 31.Be2 Ke7 32.b4 d6 33.Bd3 Bf6 34.Rg6 Kf7 35.Rxh6 Kg7 36.Rh3 b5
37.Kb3 Bxd4 38.c5 dxc5 39.Bxb5 Rc7 40.bxc5 Rxc5 41.Bd7 Re5 42.a4 Kf6 43.Rh6+ Ke7
44.Bc8 Kd6 45.h4 Re3+ 46.Kb4 f4 47.Rh7 Bc5+ 48.Kc4 Re4+ 49.Kd3 Rxa4 50.Rh6 Rd4+
51.Ke2 Re4+ 52.Kf3 Re5 53.Rg6 Be3 54.Kg4 Ke7 55.Rg7+ Kf6 56.Rc7 Rb5 57.Rc6 Rb6
58.Rxb6 axb6 59.Ba6 e5 60.h5 Bc5 61.Kf3 Bf8 62.Ke4 Bg7 63.Bc4 Kg5 64.Be2 Bh8
65.Kd5 Kh4 66.h6 Kg3 67.Ke4 Kf2 68.Bb5 f3 69.Bc6 Kg3 70.Ke3 f2 71.Ke2 b5
72.Kf1 b4 73.Bd5 Bf6 74.h7 Bh8 75.Bb3 e4 76.Bd5 e3 77.Bc4 b3 78.Bxb3 e2+
79.Kxe2 Kg2  0-1

[Event "34th Olympiad"]
[Site "Istanbul TUR"]
[Date "2000.11.09"]
[Round "12"]
[White "Fernandes,An"]
[Black "Zaw Win Lay"]
[Result "1-0"]
[WhiteElo "2438"]
[BlackElo "2533"]

1.d4 Nf6 2.Bg5 Ne4 3.Bh4 c5 4.f3 Qa5+ 5.c3 Nf6 6.d5 Qb6 7.b3 d6 8.e4 g6 9.a4 Bg7
10.a5 Qc7 11.Nd2 O-O 12.Nc4 Nbd7 13.Bd3 Ne5 14.Ne2 Bd7 15.Nxe5 dxe5 16.O-O b5
17.axb6 axb6 18.Qd2 e6 19.c4 Qb7 20.b4 exd5 21.cxd5 cxb4 22.Qxb4 Nxd5 23.exd5 e4
24.Rxa8 exd3 25.Rxf8+ Bxf8 26.Qc4 dxe2 27.Re1 b5 28.Qxe2 Qxd5 29.Rd1 Qc6
30.Qd2 Be6 31.Qd8 Qc2 32.Bf6 Qc5+ 33.Kh1 b4 34.Ra1 Bd5 35.Bb2 Qc6 36.Rc1 Qe6
37.Bd4 Bc6 38.Qf6 Qxf6 39.Bxf6 Bd7 40.Rc7 Bf5 41.Rb7 h5 42.Rb8 b3 43.Bb2 f6
44.Ba3 b2 45.Bxb2  1-0

[Event "34th Olympiad"]
[Site "Istanbul TUR"]
[Date "2000.11.09"]
[Round "12"]
[White "Amir,K"]
[Black "Arias,L"]
[Result "0-1"]
[WhiteElo "2240"]
[BlackElo "2243"]

1.d4 Nf6 2.Bg5 Ne4 3.Bh4 c5 4.f3 Qa5+ 5.c3 Nf6 6.Bxf6 gxf6 7.d5 d6 8.e4 Bh6
9.Na3 Bd7 10.Bd3 b5 11.Ne2 c4 12.Bb1 Qb6 13.Qd4 Qxd4 14.cxd4 a5 15.Kf2 Na6
16.f4 e6 17.b3 cxb3 18.axb3 Nb4 19.dxe6 fxe6 20.Nc2 Nxc2 21.Bxc2 Ke7 22.Ra2 Rhc8
23.Rha1 Rc7 24.Bd1 Rca7 25.g3 Kd8 26.Nc3 Kc7 27.Bf3 Kb6 28.e5 d5 29.exf6 Rf8
30.Rc1 Rxf6 31.Bxd5 b4 32.Ne4 Rf5 33.Bc4 Bc6 34.Nc5 e5 35.dxe5 Rxe5 36.fxe5 Bxc1
37.Nd3 Bg5 38.h4 Be7 39.Ke3 Ra8 40.Rf2 a4 41.bxa4 Rxa4 42.Kd4 Ra8 43.e6 Rd8+
44.Ke3 Rg8 45.h5 Rxg3+ 46.Kd2 Be4 47.Nf4 Bg5 48.Ke2 Kc5 49.e7 Bxe7 50.Bd3 Kd4
51.Ne6+ Ke5 52.Bxe4 Kxe4 53.Rf7 Bd6 54.Kf2 Rc3 55.Rxh7 b3 56.Rb7 Rc2+ 57.Ke1 b2
58.Ng5+ Kf5 59.h6 Rc1+  0-1

[Event "Autumn Cup IM"]
[Site "Bucharest ROM"]
[Date "2000.12.02"]
[Round "12"]
[White "Ionescu,D"]
[Black "Petrenko,S"]
[Result "0-1"]
[WhiteElo "2258"]
[BlackElo "2316"]

1.d4 Nf6 2.Bg5 Ne4 3.Bh4 d5 4.f3 Nd6 5.Nd2 Bf5 6.c4 c6 7.c5 Nb5 8.e4 Be6
9.Bxb5 cxb5 10.Ne2 Nc6 11.O-O f6 12.Bf2 g5 13.Re1 Bg7 14.Qb3 b4 15.a3 Bf7
16.axb4 dxe4 17.Qc3 exf3 18.Nxf3 a6 19.Ng3 Bg6 20.b5 axb5 21.Rxa8 Qxa8 22.d5 Ne5
23.Nxe5 fxe5 24.Be3 h6 25.Rf1 Bf6 26.d6 Qc8 27.Qb3 Qd7 28.dxe7 Bxe7 29.Ra1 Bf7
30.Qc3 O-O 31.Ne4 Qf5 32.Ng3 Qe6 33.Qd3 Be8 34.Rd1 Bc6 35.b4 Rd8 36.Qc2 Rxd1+
37.Qxd1 Qa2 38.Qf1 Bf8 39.h4 gxh4 40.Nh5 Qb3 41.Nf6+ Kh8 42.Ng4 Bg7 43.Qf2 Qd1+  0-1

[Event "Belgian Interteams 2000-1"]
[Site "BEL"]
[Date "2000.12.03"]
[Round "4"]
[White "Soetewey,S"]
[Black "Faybish,N"]
[Result "0-1"]
[WhiteElo "2170"]
[BlackElo "2211"]

1.d4 Nf6 2.Bg5 Ne4 3.Bf4 d5 4.f3 Nf6 5.e4 e6 6.Nc3 Be7 7.Qd2 O-O 8.O-O-O c6
9.Kb1 b5 10.Bd3 Nfd7 11.h4 Nb6 12.Qf2 N8d7 13.Qg3 Kh8 14.h5 a5 15.Nh3 a4
16.exd5 exd5 17.Bc7 Bh4 18.Qd6 Qf6 19.g3 Qxd6 20.Bxd6 Bf6 21.Bxf8 Nxf8 22.Ne2 Ne6
23.Rhe1 Nc4 24.Nef4 Nc7 25.g4 h6 26.Re2 Be6 27.a3 Re8 28.c3 b4 29.axb4 a3
30.Bxc4 dxc4 31.bxa3 Nb5 32.Kb2 Ra8 33.Nxe6 fxe6 34.Rxe6 Rxa3 35.Nf4 Rb3+
36.Ka2 Nxc3+ 37.Ka1 Nxd1 38.Ng6+ Kh7 39.Re8 Bxd4+ 40.Ka2 Nc3+ 41.Ka1  0-1

[Event "Bundesliga 2000-1"]
[Site "Gelsenkirchen GER"]
[Date "2000.12.09"]
[Round "3"]
[White "Schirbel,A"]
[Black "Andersson,U"]
[Result "1/2-1/2"]
[WhiteElo "2308"]
[BlackElo "2641"]

1.d4 Nf6 2.Bg5 Ne4 3.Bf4 d5 4.f3 Nf6 5.e4 e6 6.e5 Ng8 7.Be3 c5 8.c3 Nc6 9.f4 Qb6
10.Qd2 Nh6 11.Nf3 Bd7 12.Bd3 Rc8 13.dxc5 Bxc5 14.Bxc5 Qxc5 15.Na3 O-O 16.Nc2 f6
17.Ncd4 fxe5 18.fxe5 Nxd4 19.cxd4 Qb6 20.O-O Bb5 21.Bxb5 Qxb5 22.Rac1 Nf7
23.Rxc8 Rxc8 24.Rc1 Rc6 25.Rxc6 Qxc6 26.h3 h6 27.h4 Nd8 28.Kh2 Qc7 29.g4 Nc6
30.Kg3 Qb6 31.b3 Qc7 32.h5 Qe7 33.Qd3 Kf8 34.Kf4 Qa3 35.Qh7 Qc1+ 36.Kg3 Nxd4
37.Qh8+ Kf7 38.Qd8  1/2-1/2

[Event "Bundesliga 2000-1"]
[Site "Gelsenkirchen GER"]
[Date "2000.12.10"]
[Round "4"]
[White "Schirbel,A"]
[Black "Seger,R"]
[Result "0-1"]
[WhiteElo "2308"]
[BlackElo "2399"]

1.d4 Nf6 2.Bg5 Ne4 3.Bf4 c5 4.f3 Qa5+ 5.c3 Nf6 6.Nd2 cxd4 7.Nb3 Qb6 8.Qxd4 Nc6
9.Qxb6 axb6 10.Be3 b5 11.Bd2 e5 12.a3 d6 13.e4 Be6 14.Nc1 Bc4 15.Nge2 d5
16.exd5 Nxd5 17.Rb1 Bc5 18.b3 Bxe2 19.Bxe2 Nc7 20.a4 bxa4 21.bxa4 b6 22.Bb5 Nxb5
23.axb5 Na5 24.Nd3 Bd6 25.Nb2 Ke7 26.Ke2 Ba3 27.Rhd1 Rhc8 28.Nd3 Nc4 29.Nb4 Bxb4
30.Rxb4 Ra2 31.g3 Ke6 32.h3 f5  0-1

[Event "Bundesliga 2000-1"]
[Site "Mainz GER"]
[Date "2000.12.10"]
[Round "4"]
[White "Buhmann,R"]
[Black "Gallagher,Jo"]
[Result "1/2-1/2"]
[WhiteElo "2416"]
[BlackElo "2514"]

1.d4 Nf6 2.Bg5 Ne4 3.h4 d5 4.Nd2 Bf5 5.e3 h6 6.Bf4 Nxd2 7.Qxd2 e6 8.Bd3 Bxd3
9.Qxd3 Nd7 10.Nf3 Bd6 11.Bxd6 cxd6 12.a4 Rc8 13.a5 O-O 14.O-O Rc6 15.Rfc1 Qc7
16.Nd2 Rc8 17.c3 Nf6 18.Ra4 Qd7 19.Rca1 Qe7 20.g3 R6c7 21.Kg2 Qd7 22.Rb4 Qe7
23.Re1 Nd7 24.Rh1 Nf6 25.Re1 Nd7 26.Rh1  1/2-1/2

[Event "Salona"]
[Site "Solin/Split CRO"]
[Date "2000.12.11"]
[Round "3"]
[White "Kurajica,B"]
[Black "Cvitan,O"]
[Result "1/2-1/2"]
[WhiteElo "2534"]
[BlackElo "2541"]

1.d4 Nf6 2.Bg5 Ne4 3.Bf4 c5 4.f3 Qa5+ 5.c3 Nf6 6.Nd2 cxd4 7.Nb3 Qd8 8.Qxd4 Nc6
9.Qd2 e5 10.Bg3 d5  1/2-1/2

[Event "XIII Carlos Torre Open"]
[Site "Merida MEX"]
[Date "2000.12.15"]
[Round "1"]
[White "Amura,C"]
[Black "Mitkov,N"]
[Result "1-0"]
[WhiteElo "2351"]
[BlackElo "2532"]

1.d4 Nf6 2.Bg5 Ne4 3.Bf4 d5 4.e3 c5 5.c3 Nc6 6.Nd2 Bf5 7.Ngf3 Qb6 8.Qb3 Nxd2
9.Nxd2 e6 10.Qxb6 axb6 11.Bc7 c4 12.Bxb6 Ra6 13.Bc7 Kd7 14.Bg3 Rb6 15.e4 Bg6
16.b3 Ba3 17.bxc4 Ra8 18.Bd3 Rb2 19.f3 dxe4 20.fxe4 Nxd4 21.cxd4 Bb4 22.Bf4 Ra3
23.Rb1 Raxa2 24.Rxb2 Rxb2 25.g4 Bc3 26.Be3 h5 27.h3 Ra2 28.Ke2 Kc7 29.Rb1 hxg4
30.hxg4 Ra8 31.Rb3 Ba1 32.c5 Rd8 33.Nf3 f6 34.Bf4+ Kc8 35.Ra3 Bb2 36.Ra8+ Kd7
37.Bb5+  1-0

[Event "Abel Cardona Open"]
[Site "Cali COL"]
[Date "2000.12.16"]
[Round "1"]
[White "Sosa,L"]
[Black "Cabrera,A"]
[Result "0-1"]
[WhiteElo "2166"]
[BlackElo "2399"]

1.d4 Nf6 2.Bg5 Ne4 3.Bf4 c5 4.f3 Qa5+ 5.Nd2 Nxd2 6.Bxd2 Qb6 7.Bc3 d5 8.Qd2 e6
9.e4 Nc6 10.O-O-O cxd4 11.Bxd4 Nxd4 12.Qxd4 Qxd4 13.Rxd4 Bc5 14.Rd1 dxe4
15.Bb5+ Ke7 16.fxe4 a6 17.Bd3 Bd7 18.Nf3 f6 19.c3 g5 20.Rhf1 g4 21.Nd4 Bd6
22.g3 h5 23.Ne2 Rac8 24.Nf4 Be8 25.Bc2 a5 26.Nd3 Bb5 27.Rfe1 e5 28.Rf1 Bc6
29.Ne1 h4 30.Ng2 hxg3 31.hxg3 Bc5 32.Nh4 a4 33.a3 Rhd8 34.Nf5+ Ke6 35.Rxd8 Rxd8
36.Rh1 Rg8 37.Rh7 Rg5 38.Bb1 Bxe4 39.Bxe4 Rxf5 40.Bxf5+ Kxf5 41.Rxb7 Ke4
42.Rc7 Bf2 43.Rc4+ Kf3 44.Rxa4 f5 45.Ra8 f4 46.Rf8 Bxg3 47.b4 Bf2 48.c4 g3
49.Rg8 g2  0-1

[Event "Koltanowski Mem"]
[Site "San Francisco USA"]
[Date "2000.12.18"]
[Round "5"]
[White "Rey,G"]
[Black "Fedorowicz,J"]
[Result "1/2-1/2"]
[WhiteElo "2378"]
[BlackElo "2533"]

1.d4 Nf6 2.Bg5 Ne4 3.Bf4 c5 4.d5 Qb6 5.Bc1 e6 6.f3 Qa5+ 7.c3 Nf6 8.e4 exd5
9.e5 Ng8 10.Qxd5 Ne7 11.Qe4 Nec6  1/2-1/2

[Event "2nd Viking GMA"]
[Site "York ENG"]
[Date "2000.12.19"]
[Round "7"]
[White "Hodgson,Ju"]
[Black "Wells,P"]
[Result "1-0"]
[WhiteElo "2640"]
[BlackElo "2506"]

1.d4 Nf6 2.Bg5 Ne4 3.Bf4 c5 4.f3 Qa5+ 5.c3 Nf6 6.d5 e6 7.e4 exd5 8.exd5 d6
9.Qd2 Be7 10.c4 Qxd2+ 11.Kxd2 Nh5 12.Be3 f5 13.Nc3 O-O 14.Bd3 Nd7 15.f4 Ndf6
16.Nge2 g5 17.h3 gxf4 18.Nxf4 Bd7 19.Ne6 Bxe6 20.dxe6 Bd8 21.Bh6 Re8 22.g4 fxg4
23.hxg4 Ng7 24.Bxg7 Kxg7 25.g5 Ng4 26.Rxh7+ Kg8 27.Rh5 Ne5 28.Rah1 Nxd3 29.Kxd3 Rxe6
30.Rh8+ Kg7 31.R1h7+ Kg6 32.Rd7 Re3+ 33.Kd2 Rxc3 34.bxc3  1-0

[Event "Koltanowski Mem"]
[Site "San Francisco USA"]
[Date "2000.12.20"]
[Round "7"]
[White "Rensch,D"]
[Black "Pinto,Mark"]
[Result "1-0"]
[WhiteElo "2153"]
[BlackElo "2138"]

1.d4 Nf6 2.Bg5 Ne4 3.Bf4 d5 4.e3 g6 5.Bd3 Nf6 6.Nf3 Bg7 7.h3 O-O 8.c4 c6
9.O-O Be6 10.cxd5 cxd5 11.Nc3 Nc6 12.Rc1 Rc8 13.a3 Bf5 14.Bxf5 gxf5 15.b4 e6
16.Ne1 Ne4 17.Na4 b6 18.Nd3 Qh4 19.Kh2 Qe7 20.Nab2 f6 21.f3 Nd6 22.Qb3 Rfd8
23.Bg3 Bh6 24.Nf4 Kh8 25.Rfd1 Rg8 26.Rc2 Qg7 27.Nh5 Qg5 28.Bxd6 Qxh5 29.Kh1 Qg6
30.Re2 Nd8 31.Bh2 Nf7 32.Rg1 Rc7  1-0

[Event "Open"]
[Site "Ano Liosia GRE"]
[Date "2000.12.28"]
[Round "2"]
[White "Vouldis,A"]
[Black "Stiri,A"]
[Result "1-0"]
[WhiteElo "2497"]
[BlackElo "2097"]

1.d4 Nf6 2.Bg5 Ne4 3.Bf4 c5 4.f3 Nf6 5.dxc5 Qa5+ 6.Nc3 Qxc5 7.Qd2 e6 8.e4 Be7
9.O-O-O O-O 10.g4 a6 11.e5 Ne8 12.Ne4 Qc6 13.Bd3 f6 14.exf6 Nxf6 15.Nxf6+ Bxf6
16.Bd6 Qb6 17.c3 Re8 18.Qc2 Nc6 19.Bxh7+ Kh8 20.Bg6 Rd8 21.Nh3 Nd4 22.cxd4 Qxd6
23.Kb1 b5 24.g5  1-0

[Event "Ambassador Open"]
[Site "Bern SUI"]
[Date "2000.12.28"]
[Round "5"]
[White "Gilles,R"]
[Black "Landenbergue,C"]
[Result "1/2-1/2"]
[WhiteElo "2250"]
[BlackElo "2390"]

1.d4 Nf6 2.Bg5 Ne4 3.Bf4 d5 4.e3 c5 5.Bd3 cxd4 6.Bxe4 dxe4 7.Qxd4 Nc6 8.Qxd8+ Kxd8
9.Nc3 e5 10.O-O-O+ Ke8 11.Bg3 Bf5 12.Nb5 Rc8 13.Ne2 Bg4 14.Rhe1 f6 15.h3 Bh5
16.a3 a6 17.Nbc3 Bg6 18.Rd5 Rd8 19.Red1 Be7 20.Bh2 h5 21.Ng3 f5 22.Nge2 Bf7
23.Rxd8+ Bxd8 24.f4 exf3 25.gxf3 Rh6 26.Nd5 Rg6 27.Ng3 Rd6 28.Nc3 Rxd1+ 29.Kxd1 g6
30.Nge2 g5 31.Kd2 Bb6 32.Ng3 Ne7 33.Nge2 Ng6 34.Bg3 Be6 35.f4 h4 36.Be1 exf4
37.exf4 g4 38.hxg4 fxg4 39.Ne4 g3 40.f5 g2 41.fxg6 h3 42.Bg3 g1=Q 43.Nxg1 Bxg1
44.Ng5 Bd5 45.Nxh3 Bd4 46.c3 Bg7 47.Kd3 Be6 48.Ng5 Bf5+ 49.Kc4 Kd7 50.Kc5 Bxg6
51.Kb6 Kc8 52.Ne6 Bh6 53.Be5 Be4 54.b4 Bd5 55.Nc5 Be3 56.Bd4 Bf4 57.Nxa6 bxa6
58.Kxa6 Bc7 59.Kb5 Kb7 60.Kc5 Bf3 61.a4 Bd1 62.a5 Bxa5 63.bxa5 Be2  1/2-1/2